Bệnh đau đầu và cách điều trị
Nội dung sách trình bày các kiến thức cơ bản về bệnh đau đầu như nguyên nhân, triệu chứng bệnh, các phương pháp điều trị cụ thể, các phương pháp phòng tránh cùng với thực đơn dinh dưỡng, chế độ luyện tập thường ngày đã được các nha...
Na minha lista:
| Outros Autores: | |
|---|---|
| Formato: | Livro |
| Idioma: | Vietnamese |
| Publicado em: |
H.
Hồng Đức
2020
|
| coleção: | Cẩm nang cho người bệnh
|
| Assuntos: | |
| Tags: |
Adicionar Tag
Sem tags, seja o primeiro a adicionar uma tag!
|
| Thư viện lưu trữ: | Thư viện Trường Đại học Nam Cần Thơ |
|---|
| LEADER | 01219nam a22002057a 4500 | ||
|---|---|---|---|
| 001 | NCT_99405 | ||
| 008 | 220312b xxu||||| |||| 00| 0 vie d | ||
| 999 | |c 4973 |d 4973 | ||
| 020 | |a 9786049916120 |c 76000 | ||
| 082 | 0 | 4 | |2 23rd ed. |a 616.8491 |b B256Đ |
| 245 | 0 | 0 | |a Bệnh đau đầu và cách điều trị |c Hoàng Thuý (Biên soạn) |
| 260 | |a H. |b Hồng Đức |c 2020 | ||
| 300 | |a 219 tr. |b Minh họa |c 21cm | ||
| 490 | 0 | |a Cẩm nang cho người bệnh | |
| 520 | 3 | |a Nội dung sách trình bày các kiến thức cơ bản về bệnh đau đầu như nguyên nhân, triệu chứng bệnh, các phương pháp điều trị cụ thể, các phương pháp phòng tránh cùng với thực đơn dinh dưỡng, chế độ luyện tập thường ngày đã được các nhà chuyên môn có uy tín xác nhận. | |
| 653 | |a Y đa khoa | ||
| 700 | 1 | |a Hoàng Thuý |e Biên soạn | |
| 942 | |2 ddc |c BK | ||
| 952 | |0 0 |1 0 |2 ddc |4 0 |6 616_849100000000000_B256Đ |7 0 |9 22396 |a 000001 |b 000001 |d 2022-03-12 |o 616.8491 B256Đ |p MD.19276 |r 2022-03-12 |v 76000.00 |w 2022-03-12 |y BK | ||
| 980 | |a Thư viện Trường Đại học Nam Cần Thơ | ||


